| 000 | 02511cam a22002174a 4500 | ||
|---|---|---|---|
| 005 | 20250605163948.0 | ||
| 008 | 250528s ||||||||||||||||||||||||d | ||
| 035 | _a15287 | ||
| 020 | _a71133410 | ||
| 040 |
_aGR-AtMCL _bgre _dGR-AtMCL _eAACR2 |
||
| 245 | 1 | _aManagerial Accounting / International Edition: Second Edition | |
| 250 | _a2nd | ||
| 260 |
_bMcgraw Hill, Inc, _c1994 |
||
| 300 | _a1024 | ||
| 505 | 0 | _aPreface, Fundamentals and Cost Accumulation Systems, Managerial Accounting: An Overview, Basic Cost Terms and Concepts, Job-Order Costing Systems, Process Costing and Hybrid Product-Costing Systems, Cost Management Systems for the New Manufacturing Environment, Planning and Control Systems, Cost Behavior and Estimation, Cost-Volume Profit Analysis, Budgeting: Profit Planning and Control Systems, Standard Costing and Performance Measures for the New Manufacturing Environment, Flexible Budgets and Control of Overhead Costs, Responsibility Accounting and Income Reporting, Investment Centers and Transfer Pricing, Using Accounting Information in Making Decisions, Decision Making: Relevant Costs and Benefits, Cost Analysis and Pricing Decisions, Capital Expenditure Decisions: An Introduction, Further Aspects of Capital Expenditure Decisions, Selected Topics for Further Study, Cost Allocation: A Closer Look, Analyzing Financial Statements, Preparing the Statement of Cash Flows, Index. | |
| 520 | _aPreface, Fundamentals and Cost Accumulation Systems, Managerial Accounting: An Overview, Basic Cost Terms and Concepts, Job-Order Costing Systems, Process Costing and Hybrid Product-Costing Systems, Cost Management Systems for the New Manufacturing Environment, Planning and Control Systems, Cost Behavior and Estimation, Cost-Volume Profit Analysis, Budgeting: Profit Planning and Control Systems, Standard Costing and Performance Measures for the New Manufacturing Environment, Flexible Budgets and Control of Overhead Costs, Responsibility Accounting and Income Reporting, Investment Centers and Transfer Pricing, Using Accounting Information in Making Decisions, Decision Making: Relevant Costs and Benefits, Cost Analysis and Pricing Decisions, Capital Expenditure Decisions: An Introduction, Further Aspects of Capital Expenditure Decisions, Selected Topics for Further Study, Cost Allocation: A Closer Look, Analyzing Financial Statements, Preparing the Statement of Cash Flows, Index. | ||
| 700 | 1 |
_aHilton Ronald W _91179 |
|
| 942 | _cBK | ||
| 999 |
_c878 _d878 |
||